History Quiz

Random History or Clickable Quiz

Review Vocabulary Quiz Stats

 Plays Quiz not verified by Sporcle

Challenge
Share
Tweet
Embed
Score 0/10 Timer 02:00
0 Plays Today
% Correct
Queen Elizabeth
87.6%
Czar Nicholas II
84%
Captain James Cook
81.5%
Fidel Castro
80.5%
Father Miguel Hidalgo
77.5%
Montezuma II
71.4%
Prince Henry
71%
Atahualpa
69.6%
Hernan Cortes
59.5%
Francisco Pizarro
54.2%

You're not logged in!

Compare scores with friends on all Sporcle quizzes.
Join for Free
OR
Log In

You Might Also Like...

Show Comments

Extras

Top Quizzes Today


Score Distribution

Your Account Isn't Verified!

In order to create a playlist on Sporcle, you need to verify the email address you used during registration. Go to your Sporcle Settings to finish the process.

Report this User

Report this user for behavior that violates our Community Guidelines.

Details: